ბათუმის შოთა რუსთაველის სახელმწიფო უნივერსიტეტის ბიბლიოთეკა

ბიზნეს–მენეჯმენტი (ბიბ.ჩანაწერი № 34943)

000 -LEADER
fixed length control field 00926nam a2200277Ia 4500
001 - CONTROL NUMBER
control field 772
003 - CONTROL NUMBER IDENTIFIER
control field GE_BSU
008 - FIXED-LENGTH DATA ELEMENTS--GENERAL INFORMATION
fixed length control field 181216s||||||||xx |||||||||||||| ||und||
020 ## - INTERNATIONAL STANDARD BOOK NUMBER
International Standard Book Number 9789941405006
040 ## - CATALOGING SOURCE
Transcribing agency GE_BSU
080 ## - UNIVERSAL DECIMAL CLASSIFICATION NUMBER
Universal Decimal Classification number 338.22(076.5)+005.511
100 ## - MAIN ENTRY--PERSONAL NAME
Personal name თურმანიძე,ს და სხვა
245 ## - TITLE STATEMENT
Title ბიზნეს–მენეჯმენტი
245 ## - TITLE STATEMENT
Remainder of title პრაქტიკული სახ–ლო ეკონომიკური სპეციალ.სტუდ–ს.
245 ## - TITLE STATEMENT
Statement of responsibility, etc. რედ.გ.ჭკადუა
260 ## - PUBLICATION, DISTRIBUTION, ETC.
Place of publication, distribution, etc. თბილისი
260 ## - PUBLICATION, DISTRIBUTION, ETC.
Name of publisher, distributor, etc. თობალისი
260 ## - PUBLICATION, DISTRIBUTION, ETC.
Date of publication, distribution, etc. 2008
300 ## - PHYSICAL DESCRIPTION
Extent 163გვ.
653 ## - INDEX TERM--UNCONTROLLED
Uncontrolled term ბიზნესი
653 ## - INDEX TERM--UNCONTROLLED
Uncontrolled term ბიზნეს–მენეჯმენტი
653 ## - INDEX TERM--UNCONTROLLED
Uncontrolled term ეკონომიკა
653 ## - INDEX TERM--UNCONTROLLED
Uncontrolled term მენეჯმენტი
942 ## - ADDED ENTRY ELEMENTS (KOHA)
Koha item type წიგნი
ეგზემპლარები
Withdrawn status Lost status Damaged status Not for loan Date acquired Barcode Date last seen Price effective from Koha item type
        2018-12-17 947 2018-12-17 2018-12-17 წიგნი